Outlast Trials Enemies and Victims - Statistics

General Stats
  • This quiz has been taken 130 times
    21 since last reset
  • The average score is 16 of 36
Answer Stats
Hint Answer % Correct
Hillbilly Cop Leland Coyle
100%
Television Dentist Mother Gooseberry
93%
Drug Dealer Franco Barbi
86%
Double Trouble Otto & Arora Kress
79%
Freaky Pyro Pitcher
79%
Gas Passer Pusher
79%
THICC Big Female Grunt
71%
Hammer Time Big Male Grunt
71%
Machette Gal Female Grunt
71%
Machette Guy Male Grunt
71%
Noisy Boy Screamer
71%
Execute Her Bootleg Amelia
64%
Night Vision Night Hunter
64%
Kill ___ The Snitch
64%
Drill Him Bootleg Futterman
57%
AMONG US Imposter
50%
Look-Alikes Liliya Bogomolova
50%
Hide and Seek Pouncer
50%
Blind Bat Berserker
43%
OP Jaeger
43%
Silence Him The Idol
43%
Kill Her The Judge
43%
Melt Him The Politician
36%
Drown Him The Union Boss
29%
Serve His Flesh Bootleg Jesus
21%
Burn Him The Deviant
21%
Stuff Them The Mules
21%
Destroy Her The Lot
14%
Inject Him The STD Victim
7%
TBA Climber
0%
Crush Him Oscar
0%
TBA Prescott Whitehorn
0%
Victim Scapegoat
0%
Execute ___ The District Attorney
0%
Sentence Him The Prosecuted
0%
TBA Trickster
0%
No matching quizzes found
Score Distribution
Percent of People with Each Score
Percentile by Number Answered
Your Score History
You have not taken this quiz since the last reset